000 00592nam a2200217 a 4500
001 0000-8640
003 ELIB.Books
008 110520 1957
035 _a(ELIB.Books)0000-8786
082 _a231
_bBar
100 _aBarth, Karl
245 _aThe Word of God and the Word of man
250 _aFirst Harper Torchbook Edition
260 _bNew York: Harper and Brothers Publishers
_c1957
650 _aTheology
856 _nK.B.T.S Library
_uK.B.T.S Library ELIB.
942 _2ddc
_cBK
990 _a1
998 _cbat
_e2011-05-20
999 _c8640
_d8640